00505nam a2200157 a 450000500170000000800410001702000180005805000220007610000210009824500370011926000320015630000090018844000190019799900190021695201120023520140412111306.0110128s19uu xx 00 eng d a0-439-33016-5 aTR(PS EbIs1 2001 aMaccarone, Grace aI See a leaf /cGrace Maccarone. aU.S.A :bScholastic,c2001. aunp. aHello reader 1 c103679d103679 001040aELbELcTRd2011-01-28eLib. Fundl0oTR(PS E Is1 2001pE5712r2014-04-12 00:00:00w2014-04-12yBK